000 00926nam a2200253Ia 4500
003 OSt
005 20220923211027.0
006 a|||||r|||| 00| 0
007 ta
008 220922b |||||||| |||| 00| 0 hin d
020 _a8170559081 (hbk)
_c350
024 _a246,099
037 _b369, 17/02/2011, Vani Prakashan
_cTextual
040 _aARTS
_cARTS
_bhin
041 _2hin
_ahin
082 _aO44(Y72)x, 152P8
100 _aगुप्ता, रमणिका, संपा.
_9157303
245 0 _aआदिवासी स्वर और नई शताब्दी
246 _aĀdivāsī svar aur naī shatābdī
260 _aनयी दिल्ली
_b वाणी दिल्ली
_c2008
300 _a323पृ.
_ccm.
942 _hO44(Y72)x, 152P8
_cTEXL
_2CC
999 _c294127
_d294127